Statistiques concernant Meilleurs buteurs par club LaLiga 2022/2023

Cliquez ici pour prendre le quiz!

Statistiques générales

  • Ce quiz a été pris 71 fois
  • Le résultat moyen est 6 sur 20

Statistiques - réponses

ClubJoueurNombre de but% Correct
Real MadridKarim Benzema19
97%
BarceloneRobert Lewandowski23
91%
Atletico MadridAntoine Griezmann15
87%
Athletic BilbaoInaki Williams10
54%
EspanyolJoselu16
44%
Real BetisBorja Iglesias15
43%
Real SociedadTakefusa Kubo9
34%
FC SévilleYoussef En-Nesyri8
34%
GéroneTaty Castellanos13
24%
Celta VigoGabri Veiga11
21%
GetafeEnes Unal14
19%
MajorqueVedat Muriqi15
19%
VillarealNicolas Jackson12
16%
OsasunaChimy Avila8
15%
AlmeriaEl Bilal Toure7
9%
ValenceJustin Kluivert6
7%
VallecanoIsi Palazon9
6%
ElcheLucas Boye7
4%
ValladolidCyle Larin8
3%
Cadix CFTheo Bongonda4
3%

Distribution des résultats

Percentile par nombre de réponses

% des personnes avec chaque résultat

Votre développement - résultats

Vous n’avez pas pris ce quiz